| 000 | 01511nam a2200397 a 4500 | ||
|---|---|---|---|
| 001 | 000112187 | ||
| 003 | CHAP | ||
| 005 | 20220329144249.0 | ||
| 008 | 160112s2015 mx |sm |||||||spa d | ||
| 010 | _a108648 | ||
| 011 | _a109620 | ||
| 040 | _cCHAP | ||
| 090 | _aTesis | ||
| 100 | 1 |
_aCastillo Sánchez, Alexander _9130343 |
|
| 245 | 1 | 0 |
_aCoberturas vegetales y herbicidas en el manejo de maíz, bajo agricultura de conservación _h[En línea] _cpor Alexander Castillo Sánchez y Ricardo Geniz Benitez. |
| 260 |
_aChapingo, Méx. : _bEl autor, _c2015. |
||
| 500 | _aPara ver el contenido del material haga clic en la liga | ||
| 502 | _aTesis (Ing. Agr. Esp. en Parasitología Agrícola) -- UACH. Departamento de Parasitología Agrícola | ||
| 590 |
_aBATCH _b00 _c20181121 _lUCH01 _h0759 |
||
| 590 |
_aE5652GLJ _b05 _c20160112 _lUCH01 _h1454 |
||
| 590 |
_aE5652GLJ _b05 _c20160112 _lUCH01 _h1454 |
||
| 590 |
_aE5652GLJ _b05 _c20160113 _lUCH01 _h0856 |
||
| 590 |
_aE5652GLJ _b05 _c20160113 _lUCH01 _h0914 |
||
| 590 |
_aE5652GLJ _b05 _c20160113 _lUCH01 _h0936 |
||
| 650 | 1 | 4 |
_aHerbicidas _xAplicación. _953692 |
| 650 | 1 | 4 |
_aLabranza cero. _964307 |
| 650 | 1 | 4 |
_aMaíz _xMalas hierbas _xControl. _971003 |
| 650 | 1 | 4 |
_aSuelos _xComposición. _9110280 |
| 650 | 1 | 4 |
_aSuelos _xConservación _xMéxico (Edo.) _9110307 |
| 700 | 1 |
_aGeniz Benitez, Ricardo _9130344 |
|
| 856 |
_a1 _n0001437 |
||
| 856 |
_aFinding aid _uhttp://10.13.5.2/tesis/sist112187.pdf _zTeclea aquí |
||
| 901 | _aBK | ||
| 942 | _cTESIS | ||
| 942 | _n0 | ||
| 999 |
_c108648 _d108648 |
||